| 000 | 00455nam a22001697a 4500 | ||
|---|---|---|---|
| 003 | OSt | ||
| 005 | 20140310182334.0 | ||
| 008 | 130316t xxu||||| |||| 00| 0 eng d | ||
| 020 | _a0811438678 | ||
| 050 |
_aPZ 7 _b.L1586 My 1995 |
||
| 082 | _b740 1995 | ||
| 245 |
_aThe mystery illness _cPatricia Lakin pictures by Doug Cushman |
||
| 260 |
_aAustin, Tex. _bRaintree Steck-Vaughn _c1995 |
||
| 300 |
_a31 p. _c21 cm |
||
| 942 |
_2lcc _cBK-GS |
||
| 999 |
_c12041 _d12041 |
||